Responses for Show #5800 - Friday, November 27, 2009

Contestants

[<< previous game]

Kelly Garza, a training specialist originally from Missoula, Montana

Grant Quertermous, an assistant curator from Charlottesville, Virginia

Jody Allen, a bookstore manager and actor from New York, New York (whose 1-day cash winnings total $25,000)

[next game >>]

Jeopardy! Round responses

U.S. GEOGRAPHY
HOLLYWOOD SQUARES
COMPUTER ABBREV.
THE ORGAN AFFECTED
(Alex: The main organ.)
MUSICAL INSTRUMENTS
A, B, C, D THEN F
(Alex: All the correct responses will be in that order--"A", "B", "C", "D", gonna skip the "E" and then "F".)
    $200 11
Hawaii

Grant
    $200 1
Jerry Lewis

Jody
    $200 21
information technology

Jody
    $200 16
the heart

Jody
    $200 6
a tambourine

Kelly
    $200 22
(Grant: What is [**]?)
[Initially ruled incorrect; reversed before Double Jeopardy!]

algebra (analysis accepted)

JodyGrant
    $1,000 12
Lake Tahoe

Grant
    $400 2
Square Pegs

Kelly
    $400 27
Bus

Jody
    $400 17
the kidney

Grant
    $400 7
a ukulele

Kelly
    $400 23
brandish

Jody
    $600 13
the Cascades

Jody
    $600 3
Urkel

Jody
    $600 28
Photographic

Jody
    $600 18
the brain

Jody
    $600 8
maracas

Jody
    $600 24
circumvent

Triple Stumper
    $800 14
(Jody: What is Niagara?)

Buffalo

JodyKelly
    $800 4
Revenge of the Nerds

Jody
    $800 29
disk operating system

Jody
    $800 19
the eyes

Kelly
    $800 9
(Kelly: What is a clarinet?)

an oboe

GrantKelly
    $800 25
dilemma

Kelly
    $1000 15
the Ohio River

Grant
    $1000 5
Freaks and Geeks

Grant
    $1000 30
subscriber

Jody
    $1000 20
(Kelly: What is the liver?)

the thyroid

Kelly
Triple Stumper
    $1000 10
a (magic) flute

Jody
    $1000 26
fiat

Kelly

Scores at the first commercial break (after clue 15):

Jody Grant Kelly
$3,000 $4,000 $1,000

Scores at the end of the Jeopardy! Round:

Jody Grant Kelly
$7,400 $4,600 $2,600

Double Jeopardy! Round responses

RENAISSANCE FAIR LADY
CYCLE BABBLE
POETRY FILL IN THE BLANK
THEY'RE BIG
ALL ABOUT THE BENJAMINS
A CHORUS OF "BOO"S
    $400 4
(Grant: Who is Diana?)

Venus

GrantKelly
    $400 19
a helmet

Kelly
    $400 1
love

Kelly
    $400 13
Ford

Grant
    $400 8
Benjamin Franklin

Kelly
    $400 7
taboo

Grant
    $800 27
da Vinci

Grant
    $800 23
yellow

Kelly
    $800 2
deferred

Triple Stumper
    $800 18
peanuts

Grant
    $800 14
Netanyahu

Jody
    $800 9
a booby trap

Kelly
    $1200 28
Jane Seymour

Kelly
    $1200 24
triangle

Jody
    $1200 3
village

Grant
    $1200 20
Texas

Triple Stumper
    $2,000 15
(Ben) Jonson

Jody
    $1200 10
a caboose

Kelly
    $1600 29
the Madonna of the Goldfinch

Triple Stumper
    $1600 25
a time trial

Jody
    $1600 5
(Kelly: Anthems? What is anthems?)

carols

Kelly
Triple Stumper
    $1600 21
Marvel & DC

Jody
    $1600 16
(Ben) Bradlee

Kelly
    $1600 11
a booster

Jody
    $3,000 30
(Kelly: Who is the Oracle?)

Sibyl

Kelly
    $2000 26
(Alex: Same as in cars--car racing--[*]ing.)

the slipstream

Triple Stumper
    $2000 6
Barefoot

Triple Stumper
    $2000 22
Leland Stanford

Triple Stumper
    $2000 17
(Alex: Yes, the head of the Fed.)

Bernanke

Jody
    $2000 12
(Jody: What is...)
...
(Alex: Takes its name from Gabon.)

the Gaboon viper

Jody
Triple Stumper

Scores at the end of the Double Jeopardy! Round:

Jody Grant Kelly
$16,200 $7,800 $5,200
(lock game)

[wagering suggestions for these scores]

Final Jeopardy! Round responses

PLANET EARTH
(Alex: [Revealing Jody's response] Yes, in spite of its name stream--[*]--a lot of water flowing, many more times than the Mississippi.)
KellyWhat are the Doldrums?
$5,100
GrantWhat is the Labrador Current
$2,200
JodyWhat is the gulfstream?
$300
the Gulf Stream

Final scores:

Jody Grant Kelly
$16,500 $5,600 $100
2-day champion: $41,500 2nd place: $2,000 3rd place: $1,000

Game dynamics:

Coryat scores:

Jody Grant Kelly
$15,400 $7,200 $8,200
22 R
(including 1 DD),
2 W
12 R
(including 1 DD),
1 W
16 R,
4 W
(including 1 DD)

Combined Coryat: $30,800

[game clues] [game scores] [suggest correction]

Game tape date: 2009-10-13
The J! Archive is created by fans, for fans. Scraping, republication, monetization, and malicious use prohibited; this site may use cookies and collect identifying information. See terms. The Jeopardy! game show and all elements thereof, including but not limited to copyright and trademark thereto, are the property of Jeopardy Productions, Inc. and are protected under law. This website is not affiliated with, sponsored by, or operated by Jeopardy Productions, Inc. Join the discussion at JBoard.tv.